LEADER 00958nam a2200241 i 4500 001 000000192831 003 CaOOAMICUS 005 20101001000000.0 008 101001s1945 it u000 u ita u 013 $a171465 040 $aSeMil$bita 100 1 $aPortaluppi, Angelo.$0(OLS)http://semarc/name/21336 245 10$aSan Roberto Bellarmino /$cAngelo Portaluppi. 260 $aMilano :$bPerinetti Casoni,$cstampa 1945. 300 $a394 p. ;$c17 cm. 490 0 $aI grandi santi della Chiesa 500 $aContiene : Bibliografia. 600 14$aBellarmino, Roberto .$0(OLS)http://semarc/subject/2597 830 2$aI grandi santi della Chiesa.$0(OLS)http://semarc/title/13640 850 $aSeMil 852 $aSeMil$W1$xVenegono$y1$m3J II 169$j143405$B143405$CSeMilBibl$Z2$F154862 $81 996 $6245$aSan Roberto Bellarmino$9(OLS)http://semarc/title/277967 996 $6260$aMilano :$bPerinetti Casoni$9(OLS)http://semarc/publisher/31747 LEADER 01264nam a2200301 i 4500 001 000000118759 003 CaOOAMICUS 005 20031008000000.0 008 031008s2000 it u000 u ita u 013 $a91452 020 $a88-7610-807-6 040 $aSeMil$bita 100 1 $aMerlatti, Graziella.$0(OLS)http://semarc/name/49524 245 10$aAmore e martirio nella foresta /$cGraziella Merlatti ; prefazione di Arturo Paoli. 260 $aMilano :$bÀncora,$c2000. 300 $a151 p. :$bill. ;$c21 cm. 490 0 $aAlle sorgenti 500 $aContiene : Bibliografia essenziale. - Card. C.M. Martini. 650 4$aMissionari - Martirio - Amazzonia - 1901.$0(OLS)http://semarc/subject/22177 700 1 $aPaoli, Arturo,$c.$0(OLS)http://semarc/name/10698 830 0$aAlle sorgenti.$0(OLS)http://semarc/title/8457 850 $aSeMil 852 $aSeMil$W1$xVenegono$y1$m3E I 56$j74036$B74036$CSeMilBibl$Z2$F100813 $81 941 1 $a4 961 $aOmaggio: Martini Card. Carlo Maria 996 $6020$a88-7610-807-6$9(OLS)http://semarc/number/103448 996 $6245$aAmore e martirio nella foresta$9(OLS)http://semarc/title/174475 996 $6260$aMilano :$bÀncora$9(OLS)http://semarc/publisher/29763